000
00313nam a2200121 a 4500
005
20140412111415.0
008
070710s19uu xx 00 eng d
020
_a
2-89433-475-3
050
_a
ER
_b
Be385 1997
245
_a
Beauty and the beast.
260
_a
China :
_b
Brimar publishing,
_c
10703.
999
_c
105808
_d
105808